Hauptstädte, die mit V Beginnen - Statistiken

Allgemein
  • Dieses Quiz wurde 141 mal gespielt
  • Das Durchschnittsergebnis liegt bei 5 aus 6
Antwortstatistiken
Kontinent Hauptstadt % Korrekt
Europa Valletta
94%
Europa Vatikanstadt
90%
Europa Vilnius
88%
Europa Vaduz
84%
Asien Vientiane
67%
Afrika Victoria
54%
Keine übereinstimmenden Quizze gefunden
Verteilung der Resultate
Anzahl Personen mit jedem Resultat
Perzentil nach korrekt beantworteten Fragen
Ihre Resultats-Entwicklung
Sie haben dieses Quiz noch nicht gespielt